01600nam a2200277 a 4500001001000000005001700010008004100027041000800068044000700076084002000083100004500103245008700148260002600235300002200261500026400283500011500547500032700662500001000989546002500999650005201024650005601076650003401132650004601166700006001212740005001272BRCA_302820190320204056.0200109s1754----fr-a---###---#000-0#fre-u afre afr a340b.D87c17541 aCervantes Saavedra, Miguel ded1547-161610aHistoire de L´Admirable Don Quichotte de la ManchecMiguel de Cervantes Saavedra. aParísbDurandc1754 a6 v.bil.c17 cm. aContenido : v 1. Primera parte. Advertencia del traductor. Texto. -- v 2. Texto. -- v 3. Segunda parte. Texto. -- v 4. Texto. -- v 5. Primera parte de la continuación del Quijote por el traductor. -- v 6. Seguunda parte de la continuación por el traductor aEdición :Traduite de l´Espagnol de Mizhel de Cervantes. Nouvelle edition revueé corrigée et augmentée aOtra edición de la versión francesa de Filleau de Saint-Martin, publicada por Durand. Se basa en la parisiense de 1732. Las láminas, dibujadas mayormente por Bonard, han sido grabadas por Cars, Mathey y Crepy, y presentan a D. Quijote y Sancho Panza afrancesados. Piel; lomeras adornadas con dorados Lúdovik Osterc aQM267 aTexto en : francés14aNovela españolayÉpoca clásica, 1500-170014aLiteratura españolayÉpoca clásica, 1500-170014aNovela españolaySiglo XVII14aDon Quijote (Personaje ficiticio)eNovela1 aSaint-Martin, Francois Filleau ded1632-1695eTraductor0 aEl Ingenioso Hidalgo Don Quijote de la Mancha